| 000 | 00656nam a2200229 a 4500 | ||
|---|---|---|---|
| 001 | 45267 | ||
| 003 | BD-RjUL | ||
| 005 | 20211209054004.0 | ||
| 008 | 160725s1965 ii b 001 0 eng | ||
| 035 | _a(BD-RjUL)45385 | ||
| 040 |
_aDLC _cFNP _dOCL _dm/c _dRCD _dBD-RjUL _beng |
||
| 041 | _aeng | ||
| 082 |
_223 _a297.09254 _bHUD 1965 |
||
| 100 | 1 |
_aHusain, S. Abid _d1896-1978. _9138664 |
|
| 245 | 1 | 4 |
_aThe destiny of Indian Muslims _cS. Abid Husain. |
| 260 |
_aBombay : _bAsia Pub. House, _cc1965 |
||
| 300 |
_avii, 276 p. ; _c23 cm. |
||
| 500 | _aInclude index | ||
| 504 | _aBibliography: 265-267. | ||
| 650 | 0 |
_aMuslims _zIndia. _9138665 |
|
| 942 |
_2ddc _cBK |
||
| 999 |
_c45267 _d45267 |
||